|
|
|
|
| LEADER |
00000nam0a2200000 4500 |
| 001 |
248115 |
| 005 |
20231101232346.0 |
| 010 |
|
|
|a 9785406027882
|
| 035 |
|
|
|a (RuTPU)RU\TPU\book\269790
|
| 090 |
|
|
|a 248115
|
| 100 |
|
|
|a 20140117d2014 m y0rusy50 ca
|
| 101 |
0 |
|
|a rus
|
| 102 |
|
|
|a RU
|
| 105 |
|
|
|a y j 001zy
|
| 200 |
1 |
|
|a Финансы, деньги, кредит, банки
|e учебник
|f под ред. Т. М. Ковалевой
|
| 210 |
|
|
|a Москва
|c КноРус
|d 2014
|
| 215 |
|
|
|a 250 с.
|
| 225 |
1 |
|
|a Бакалавриат
|
| 320 |
|
|
|a Библиогр.: с. 248-250.
|
| 330 |
|
|
|a Рассматривается теория и современная практика финансов, денежного обращения, кредита, банков.Основой книги послужили результаты новых исследований в области финансово-кредитных отношений в условиях глобализационных процессов.Соответствует Федеральному государственному образовательному стандарту высшего профессионального образования третьего поколения. /1ля студентов бакалавриата, обучающихся по направлению «Экономика», профили подготовки «Финансы и кредит», «Бухгалтерский учет, анализ и аудит», «Мировая экономика».
|
| 606 |
1 |
|
|a Финансы
|x Экономика
|y Россия
|2 stltpush
|3 (RuTPU)RU\TPU\subj\67534
|9 83291
|
| 610 |
1 |
|
|a финансовые ресурсы
|
| 610 |
1 |
|
|a финансовый рынок
|
| 610 |
1 |
|
|a деньги
|
| 610 |
1 |
|
|a кредиты
|
| 610 |
1 |
|
|a банки
|
| 610 |
1 |
|
|a финансовая политика
|
| 610 |
1 |
|
|a финансовое регулирование
|
| 610 |
1 |
|
|a управление
|
| 610 |
1 |
|
|a социально-экономические процессы
|
| 610 |
1 |
|
|a организационно-правовые основы
|
| 610 |
1 |
|
|a денежный оборот
|
| 610 |
1 |
|
|a денежная система
|
| 610 |
1 |
|
|a кредитные отношения
|
| 610 |
1 |
|
|a банковская система
|
| 610 |
1 |
|
|a центральные банки
|
| 610 |
1 |
|
|a коммерческие банки
|
| 610 |
1 |
|
|a учебные пособия
|
| 686 |
|
|
|a У9(2)26я73
|v LBC/SL-A
|2 rubbk
|
| 702 |
|
1 |
|a Ковалева
|b Т. М.
|4 340
|
| 801 |
|
1 |
|a RU
|b 63413507
|c 20140117
|
| 801 |
|
2 |
|a RU
|b 63413507
|c 20150625
|g RCR
|
| 900 |
|
|
|a Финансы, денежное обращение, кредит
|
| 900 |
|
|
|a Банковское дело
|
| 900 |
|
|
|a Кредит
|
| 942 |
|
|
|c BK
|
| 951 |
|
|
|b 080100
|b 080300
|l 8.1
|
| 959 |
|
|
|a 5/20140116
|d 2
|e 350,00
|f ЧЗГЛ:1
|f АНЛ:1
|